<?xml version="1.0" encoding="UTF-8"?>
<record
    xmlns:xsi="http://www.w3.org/2001/XMLSchema-instance"
    xsi:schemaLocation="http://www.loc.gov/MARC21/slim http://www.loc.gov/standards/marcxml/schema/MARC21slim.xsd"
    xmlns="http://www.loc.gov/MARC21/slim">

  <leader>00913nam a22002297a 4500</leader>
  <controlfield tag="005">20230721090447.0</controlfield>
  <controlfield tag="008">230720b           ||||| |||| 00| 0 eng d</controlfield>
  <datafield tag="020" ind1=" " ind2=" ">
    <subfield code="a">9789357780568</subfield>
  </datafield>
  <datafield tag="040" ind1=" " ind2=" ">
    <subfield code="c">AL</subfield>
  </datafield>
  <datafield tag="041" ind1=" " ind2=" ">
    <subfield code="a">eng</subfield>
  </datafield>
  <datafield tag="082" ind1=" " ind2=" ">
    <subfield code="2">23</subfield>
    <subfield code="a">657.46</subfield>
    <subfield code="b">SINT</subfield>
  </datafield>
  <datafield tag="100" ind1=" " ind2=" ">
    <subfield code="a">Vinod K. Singhania</subfield>
    <subfield code="9">127829</subfield>
  </datafield>
  <datafield tag="245" ind1=" " ind2=" ">
    <subfield code="a">Taxmann student's guide to Income Tax including GST 2023-2024</subfield>
  </datafield>
  <datafield tag="250" ind1=" " ind2=" ">
    <subfield code="a">69th ed.</subfield>
  </datafield>
  <datafield tag="260" ind1=" " ind2=" ">
    <subfield code="a">New Delhi</subfield>
    <subfield code="b">Taxmann Publications</subfield>
    <subfield code="c">2023</subfield>
  </datafield>
  <datafield tag="300" ind1=" " ind2=" ">
    <subfield code="a">xvii,1048p.</subfield>
    <subfield code="b">PB</subfield>
    <subfield code="c">27x21cm.</subfield>
  </datafield>
  <datafield tag="365" ind1=" " ind2=" ">
    <subfield code="2">General</subfield>
    <subfield code="a">2914</subfield>
    <subfield code="b">&#x20B9;1320.00</subfield>
    <subfield code="c">&#x20B9;</subfield>
    <subfield code="d">&#x20B9;1650.00</subfield>
    <subfield code="e">20%</subfield>
    <subfield code="f">18/07/2023</subfield>
  </datafield>
  <datafield tag="520" ind1=" " ind2=" ">
    <subfield code="a">TAXMANN'S Students' Guide to Income Tax Including GST | AY 2023-24 &#x2013; The bridge between theory &amp; application, in simple language with explanation in a step-by-step manner &amp; original illustrations Paperback &#x2013; 29 June 2023</subfield>
  </datafield>
  <datafield tag="650" ind1=" " ind2=" ">
    <subfield code="2">Accounting</subfield>
    <subfield code="a">Income Tax</subfield>
    <subfield code="9">127830</subfield>
  </datafield>
  <datafield tag="700" ind1=" " ind2=" ">
    <subfield code="a">Singhania, Monica</subfield>
    <subfield code="9">127831</subfield>
  </datafield>
  <datafield tag="942" ind1=" " ind2=" ">
    <subfield code="2">ddc</subfield>
    <subfield code="c">BK</subfield>
  </datafield>
  <datafield tag="999" ind1=" " ind2=" ">
    <subfield code="c">228014</subfield>
    <subfield code="d">228014</subfield>
  </datafield>
  <datafield tag="952" ind1=" " ind2=" ">
    <subfield code="0">0</subfield>
    <subfield code="1">0</subfield>
    <subfield code="2">ddc</subfield>
    <subfield code="4">0</subfield>
    <subfield code="7">0</subfield>
    <subfield code="8">MCOM</subfield>
    <subfield code="a">SACPG</subfield>
    <subfield code="b">SACPG</subfield>
    <subfield code="d">2023-07-19</subfield>
    <subfield code="e">Biblios Book Point</subfield>
    <subfield code="g">1650.00</subfield>
    <subfield code="l">3</subfield>
    <subfield code="o">657.46 SINT</subfield>
    <subfield code="p">PG024321</subfield>
    <subfield code="r">2025-01-31 00:00:00</subfield>
    <subfield code="s">2024-12-17</subfield>
    <subfield code="v">3960.00</subfield>
    <subfield code="w">2023-07-20</subfield>
    <subfield code="y">BK</subfield>
  </datafield>
  <datafield tag="952" ind1=" " ind2=" ">
    <subfield code="0">0</subfield>
    <subfield code="1">0</subfield>
    <subfield code="2">ddc</subfield>
    <subfield code="4">0</subfield>
    <subfield code="7">0</subfield>
    <subfield code="8">MCOM</subfield>
    <subfield code="a">SACPG</subfield>
    <subfield code="b">SACPG</subfield>
    <subfield code="d">2023-07-19</subfield>
    <subfield code="e">Biblios Book Point</subfield>
    <subfield code="g">1650.00</subfield>
    <subfield code="l">1</subfield>
    <subfield code="o">657.46 SINT</subfield>
    <subfield code="p">PG024322</subfield>
    <subfield code="r">2024-04-18 00:00:00</subfield>
    <subfield code="s">2024-04-08</subfield>
    <subfield code="v">3960.00</subfield>
    <subfield code="w">2023-07-20</subfield>
    <subfield code="y">BK</subfield>
  </datafield>
  <datafield tag="952" ind1=" " ind2=" ">
    <subfield code="0">0</subfield>
    <subfield code="1">0</subfield>
    <subfield code="2">ddc</subfield>
    <subfield code="4">0</subfield>
    <subfield code="7">0</subfield>
    <subfield code="8">MCOM</subfield>
    <subfield code="a">SACPG</subfield>
    <subfield code="b">SACPG</subfield>
    <subfield code="d">2023-07-19</subfield>
    <subfield code="e">Biblios Book Point</subfield>
    <subfield code="g">1650.00</subfield>
    <subfield code="l">1</subfield>
    <subfield code="o">657.46 SINT</subfield>
    <subfield code="p">PG024323</subfield>
    <subfield code="r">2024-01-10 00:00:00</subfield>
    <subfield code="s">2023-09-04</subfield>
    <subfield code="v">3960.00</subfield>
    <subfield code="w">2023-07-20</subfield>
    <subfield code="y">BK</subfield>
  </datafield>
</record>
